The journal of Solomon Sidesplitter [pseud.] (Record no. 14890)

MARC details
000 -LEADER
fixed length control field 00653cam a22002171 4500
001 - CONTROL NUMBER
control field ca 16000152
003 - CONTROL NUMBER IDENTIFIER
control field DLC
005 - DATE AND TIME OF LATEST TRANSACTION
control field 20260227111101.0
008 - FIXED-LENGTH DATA ELEMENTS--GENERAL INFORMATION
fixed length control field 770422s1884 xx 000 0 engs
010 ## - LIBRARY OF CONGRESS CONTROL NUMBER
LC control number ca 16000152
035 ## - SYSTEM CONTROL NUMBER
System control number (OCoLC)2908182
040 ## - CATALOGING SOURCE
Original cataloging agency DLC
Transcribing agency DeU
Modifying agency DLC
042 ## - AUTHENTICATION CODE
Authentication code premarc
050 00 - LIBRARY OF CONGRESS CALL NUMBER
Classification number PN6161
Item number .H33
100 1# - MAIN ENTRY--PERSONAL NAME
Personal name [Hartranft, Rufus Clinton]
Relator term comp.
245 14 - TITLE STATEMENT
Title The journal of Solomon Sidesplitter [pseud.]
Remainder of title a collection of witticisms.
260 ## - PUBLICATION, DISTRIBUTION, ETC.
Place of publication, distribution, etc. Philadelphia,
Name of publisher, distributor, etc. Pickwick & Company,
Date of publication, distribution, etc. 1884.
300 ## - PHYSICAL DESCRIPTION
Extent 200 p.
Other physical details incl. front.
Dimensions 19 cm.
500 ## - GENERAL NOTE
General note Cover vignette, stamped in gold.
650 #0 - SUBJECT ADDED ENTRY--TOPICAL TERM
Topical term or geographic name entry element American wit and humor.

No items available.

Powered by Koha